000 00392nam a2200145Ia 4500
008 231129s2001||||xx |||||||||||||| ||spa||
020 _a958-33-2637-2
040 _bspa
082 _a321 A773o
100 _aArrazola Madrid Armando
245 0 _aEl organo economico
260 _c2001
264 _aSociedad Hermanos de la caridad
942 _2ddc
_cBKS
999 _c11929
_d11929